000 00654nam a2200205Ii 4500
003 JO-AjNU
008 230606s9999||||xx |||||||||||||| ||und||
020 _a9780-0-19-087675-3
040 _aJO-AjNU
_beng
_erda
_cJO-AjNU
041 _aeng
050 1 4 _aP291.E985 2018
100 3 _aEdited by Baunaz, Lena / De Clercq, Karen / Haegeman, Liliane,
_eauthor
_96005
245 0 0 _aExploring Nanosyntax
264 3 1 _aNew York: Oxford University Press, 2018
300 _a342P
336 _atext
_btxt
_2rdacontent
337 _aunmediated
_bn
_2rdamedia
338 _avolume
_bnc
_2rdacarrier
650 4 _aGrammar - Comparative and general - Syntax
_96006
999 _aE3115
_c3112
_d3112